| 000 | 00652nam a2200217 a 4500 | ||
|---|---|---|---|
| 005 | 20220622063517.0 | ||
| 008 | 030514s2006 mx r 000 0 spa d | ||
| 020 | _a8496676226 (10 dígitos) | ||
| 020 | _a9788496676220 (13 dígitos) | ||
| 035 | _aUPN01000124204 | ||
| 049 | _aI | ||
| 050 | 4 |
_aPZ76.3 _bK5.3 |
|
| 100 | 1 |
_aKirk, David _935842 |
|
| 245 | 1 | 3 |
_aUn día nublado en Sunny Patch / _cDavid Kirk. |
| 260 |
_aMadrid : _bTexto, _c2006. |
||
| 300 |
_a36 p. : _bprincipalmente il. col. |
||
| 440 | 0 | _aMiss Spider | |
| 534 |
_pTítulo original: _tA cloudy day in Sunny Patch |
||
| 650 | 0 |
_aAnimales _vCuentos y leyendas _9234 |
|
| 905 | _aInfantil | ||
| 999 |
_c96383 _d96383 |
||